000 00832nam a2200181 a 4500
001 49227
005 20180714033832.0
008 140415s1997 it 000 0 eng d
020 _a8842700185
041 _aeng
082 _a006.35
_bSUR
245 0 0 _aSURVEY OF THE STATE OF THE ART IN HUMAN LANGUAGE TECHNOLOGY
250 _a1a ed.
260 _aITALIA :
_bGIARDINI EDITORI E STAMPATORI IN PISA,
_c1997
300 _a934
_c23.5 x 15.5 x 3.3
520 _aHUMAN LANGUAGE TECHNOLOGY IS THE OBJECTIVE OF A FAST-GROW-INS AREA OF INTERDISCIPLINARY RESEARCH AND DEVELOPMENT. THIS TECHNOLOGY PROVIDES COMPUTERS WITH THE CAPABILITY TO HANDLE SPOKEN AND WRITTEN LANGUAGE. ONE MAJOR GOAL IS TO IMPROVE COMMUNICATION BETWEEN HUMANS AND MACHINES.
650 1 4 _aLENGUAJE NATURAL
_xPROCESAMIENTO (CIENCIA DE LOS COMPUTADORE
999 _c49227
_d49227